LEADER 01131nam a2200241 u 4500 001 000000089903 003 CaOOAMICUS 005 20070226124651.0 008 051202n fr u000 u fre u 035 $a11071061 040 $aPUL(R)$bita 100 1 $aMegret, Jean.$0(OLS)http://pul/name/58189 245 10$aAnthologie du catholicisme social en France :$bde Villeneuve-Borgemont à Eugène Duthoit /$ctextes choisis et présentés par Jean Megret et Pierre Badin. 260 $aLyon :$bChronique Sociale de France,$c[s.d.] 300 $a204 p. ;$c22 cm 504 $aBibliografia in nota. 650 4$aCattolicesimo$zFrancia$xStoria.$0(OLS)http://pul/subject/9272 700 1 $aBadin, Pierre.$0(OLS)http://pul/name/58190 850 $aPUL 852 $aPUL$W1$xDP1 Fondo Pastorale$y55$mP13 B 163$j113574$nBK-PRI$b $qFondi$B113574$CPULBib$Z2$F113574 $H $81 941 1 $a1 996 $6245$aAnthologie du catholicisme social en France :$bde Villeneuve-Borgemont à Eugène Duthoit$9(OLS)http://pul/title/116102 996 $6260$aLyon :$bChronique Sociale de France$9(OLS)http://pul/publisher/78172 LEADER 01647nam a2200385 u 4500 001 000000048655 003 CaOOAMICUS 005 20070226115025.0 008 000524s2000 it u000 u ita u 020 $a8821541649 035 $a10848369 040 $aPUL$bita 041 1 $aita$heng 100 1 $aDhavamony, Mariasusai,$cS. I.$0(OLS)http://pul/name/15562 240 10$aChristian theology of inculturation.$lItaliano.$0(OLS)http://pul/title/65550 245 10$aInculturazione :$briflessioni sistematiche di antropologia sociale e di teologia cristiana /$cMariasusai Dhavamony. 260 $aCinisello Balsamo :$bSan Paolo,$c2000. 300 $a267 p. ;$c22 cm 490 1 $aUniverso teologia ;$v69 500 $aTrad. di Edmondo Coccia. 504 $a"Indicazioni bibliografiche": pp. 251-257. 650 4$aUomo (teologia).$0(OLS)http://pul/subject/1029 650 4$aTeologia.$0(OLS)http://pul/subject/118 830 0$aUniverso teologia ;$v69.$0(OLS)http://pul/title/37119 850 $aPUL 852 $aPUL$W1$xSL Religione 1$y3$m67 C 69$j64778$nBK-PRI$b $qStampati$B64778$CPULBib$Z2$F64778 $H $81 941 1 $a8 960 $aUmanesimo cristiano$91029 960 $aUmanesimo cristiano$91029 960 $aAntropologia teologica$91029 960 $aAntropologia teologica$91029 961 $aINV: 81827 996 $6020$a8821541649$9(OLS)http://pul/number/61277 996 $6245$aInculturazione :$briflessioni sistematiche di antropologia sociale e di teologia cristiana$9(OLS)http://pul/title/65551 996 $6260$aCinisello Balsamo :$bSan Paolo$9(OLS)http://pul/publisher/54577